000 00611nam a22001937a 4500
005 20220720151633.0
008 220720b ||||| |||| 00| 0 eng d
040 _cAL
041 _aEnglish
082 _223
_a355.0654
_bAUTJ
100 _aAuthority of the council
_951926
245 _aJournal of the United service Institution of India
260 _aNew Delhi
_bAuthority of the council
_c2003
300 _a340 p.
_bPB
_c23x14 cm.
440 _aVol 133 No 552 April-June 2003
_951927
650 _aTaiwan:strategic Assessment 2003
_951928
700 _aAUTHORITY OF THE COUNCIL
_951929
942 _2ddc
_cGF
999 _c224038
_d224038